El Pinciano y las teorías literarias del Siglo de Oro / (Record no. 143811)
[ view plain ]
| 000 -LEADER | |
|---|---|
| campo de control de longitud fija | 01188nam a22003131 4500 |
| 001 - NÚMERO DE CONTROL | |
| campo de control | 143811 |
| 003 - IDENTIFICADOR DE NÚMERO DE CONTROL | |
| campo de control | SpMaBN |
| 005 - FECHA Y HORA DE LA ÚLTIMA TRANSACCIÓN | |
| campo de control | 20250928133241.0 |
| 008 - DATOS DE LONGITUD FIJA--INFORMACIÓN GENERAL | |
| campo de control de longitud fija | 981210s1962 sp spa |
| 016 7# - NÚMERO DE CONTROL DE UNA AGENCIA BIBLIOGRÁFICA NACIONAL | |
| Número de control del registro | bimoBNE20000215794 |
| Número de control cancelado/no válido | IND9800834691 |
| Fuente | SpMaBN |
| 017 ## - NÚMERO DE COPYRIGHT O DE DEPÓSITO LEGAL | |
| Número de copyright o de depósito legal | M 3782-1962 |
| Agencia que asigna | Oficina Depósito Legal Madrid |
| 035 ## - NÚMERO DE CONTROL DEL SISTEMA | |
| Número de control de sistema | (OCoLC)318441485 |
| 040 ## - FUENTE DE CATALOGACIÓN | |
| Centro catalogador/agencia de origen | SpMaBN |
| Lengua de catalogación | spa |
| Centro/agencia transcriptor | CDM |
| Centro/agencia modificador | ES-MaACL |
| 080 ## - NÚMERO DE LA CLASIFICACIÓN DECIMAL UNIVERSAL | |
| Número de la Clasificación Decimal Universal | 86(López, Alfonso 7. Fil. poet. 06) |
| 080 ## - NÚMERO DE LA CLASIFICACIÓN DECIMAL UNIVERSAL | |
| Número de la Clasificación Decimal Universal | 86.08(04) |
| 080 ## - NÚMERO DE LA CLASIFICACIÓN DECIMAL UNIVERSAL | |
| Número de la Clasificación Decimal Universal | 86.09"15/16" |
| 100 0# - ENTRADA PRINCIPAL--NOMBRE DE PERSONA | |
| Nombre de persona | Shepard, Sanford |
| Número de control del registro de autoridad o número normalizado | XX826518 |
| 9 (RLIN) | 106084 |
| 245 13 - MENCIÓN DEL TÍTULO | |
| Título | El Pinciano y las teorías literarias del Siglo de Oro / |
| Mención de responsabilidad, etc. | Sanford Shepard |
| 260 ## - PUBLICACIÓN, DISTRIBUCIÓN, ETC. | |
| Lugar de publicación, distribución, etc. | Madrid : |
| Nombre del editor, distribuidor, etc. | Gredos ; |
| -- | [Condor, |
| Fecha de publicación, distribución, etc. | 1962] |
| 300 ## - DESCRIPCIÓN FÍSICA | |
| Extensión | 227 p. ; |
| Dimensiones | 21 cm |
| 490 0# - MENCIÓN DE SERIE | |
| Mención de serie | Biblioteca románica hispánica. II, Estudios y ensayos |
| Designación de volumen o secuencia | 2 |
| 600 #0 - PUNTO DE ACCESO ADICIONAL DE MATERIA--NOMBRE DE PERSONA | |
| Nombre de persona | López Pinciano, Alonso- |
| Subdivisión general | Crítica e interpretación |
| 9 (RLIN) | 227314 |
| 650 #4 - PUNTO DE ACCESO ADICIONAL DE MATERIA--TÉRMINO DE MATERIA | |
| Término de materia o nombre geográfico como elemento de entrada | Literatura española |
| Subdivisión cronológica | S.XVI-XVII |
| Subdivisión general | Historia y crítica |
| Fuente del encabezamiento o término | embne |
| 9 (RLIN) | 14571 |
| 830 ## - PUNTO DE ACCESO ADICIONAL DE SERIE-TÍTULO UNIFORME | |
| 9 (RLIN) | 178108 |
| Título uniforme | Biblioteca románica hispánica. II. Estudios y ensayos ; |
| Designación de volumen o secuencia | 2 |
| 852 ## - LOCALIZACIÓN | |
| Ubicación | ES-MaACL |
| Sublocalización o colección | R.50369 |
| itemnumber | 149007 |
| Ubicación en estantería | Mesetón |
| Número de control de estantería | C-21581 |
| 942 ## - ELEMENTOS DE ENTRADA SECUNDARIOS (KOHA) | |
| Fuente del sistema de clasificación o colocación | Clasificación decimal universal |
| Tipo de ítem Koha | Libro impreso |
| Estatus retirado | Estado de pérdida | Fuente del sistema de clasificación o colocación | Estado de daño | No para préstamo | Biblioteca de origen | Biblioteca actual | Ubicación en estantería | Fecha de adquisición | Total de préstamos | Signatura topográfica completa | Código de barras | Visto por última vez | Precio de reemplazo | Tipo de ítem Koha |
|---|---|---|---|---|---|---|---|---|---|---|---|---|---|---|
| Clasificación decimal universal | Biblioteca del Ateneo de Madrid | Biblioteca del Ateneo de Madrid | Galería | 17/01/2008 | C-21581 | 1149625 | 23/02/2023 | 23/02/2023 | Libro impreso |
